| 000 | 00427nam a22001697a 4500 | ||
|---|---|---|---|
| 999 |
_c7829 _d7827 |
||
| 005 | 20210904142451.0 | ||
| 008 | 210823b ||||| |||| 00| 0 eng d | ||
| 020 | _a978-1-84311-6776 | ||
| 041 | _aeng | ||
| 082 | _a346.410 | ||
| 100 |
_aMERKIN, ROBERT _96557 |
||
| 245 | _aPRACTICAL INSURANCE GUIDES INSURENCE LAW AN INTRODUCTION | ||
| 260 |
_aLONDON _bINFORMA _c2007 |
||
| 300 | _a367;p | ||
| 650 |
_aLAW _95701 |
||
| 942 | _cBK | ||